书目信息 |
| 书名: | Three treatises | |
| 作者: | Martin Luther. | |
| 分册号: | ||
| 分册名: | 出版地: | Philadelphia : |
|
| 出版社: | Fortress Press | |
| 出版时间: | 1960. | |
| 页数: | 316 p. ; | |
| 开本: | 18 cm. | |
| 丛书名: | ||
| 中图分类号: | ||
| 科图分类号: | ||
| 其他分类号: | B978 | |
| 主题词: | ||
| 电子资源: | ||
| 000 | 00729cam a2200229Ii 4500 | |
| 001 | E0734924445 | |
| 003 | CAL | |
| 005 | 20070711094313.68 | |
| 008 | 940518s1960 pau b 000 0 eng d | |
| 040 | @aPUL@cPUL | |
| 090 | @aB978 | |
| 093 | @aB978 | |
| 099 | @dB978@ex54 | |
| 100 | 1 | @aLuther, Martin,@d1483-1546. |
| 245 | 10 | @aThree treatises / @cMartin Luther. |
| 260 | @aPhiladelphia :@bFortress Press,@c1960. | |
| 300 | @a316 p. ;@c18 cm. | |
| 504 | @aIncludes bibliographical references. | |
| 505 | 0 | @aAn open letter to the Chritian nobility -- The Babylonian captivity of the church -- The freedom of a Christian |
| 600 | 10 | @aLuther, Martin,@d1483-1546. |
| 650 | 0 | @aChristianity. |
| 650 | 0 | @aChristian life@xCatholic church. |
| Three treatises / / Martin Luther.-Philadelphia : : Fortress Press, , 1960. |
| 316 p. ; ; 18 cm. |
| Includes bibliographical references.-An open letter to the Chritian nobility -- The Babylonian captivity of the church -- The freedom of a Christian |
| ISBN |
| ● |
| 相关链接 |
|
|
|
|
正题名:Three treatises
索取号:B978/x54
 
预约/预借
| 序号 | 登录号 | 条形码 | 馆藏地/架位号 | 状态 | 备注 |
| 1 | 0011858 | 300118584 | 第二样本阅览室/ [索取号:B978/x54] | 在馆 |